Central Library OPAC University of Rajshahi

A midsummer night's dream / (Record no. 18510)

MARC details
000 -LEADER
fixed length control field 00801nam a2200265 a 4500
001 - CONTROL NUMBER
control field 18510
003 - CONTROL NUMBER IDENTIFIER
rucl marc code BD-RjUL
005 - DATE AND TIME OF LATEST TRANSACTION
control field 20211209000309.0
008 - FIXED-LENGTH DATA ELEMENTS--GENERAL INFORMATION
fixed length control field 140220t1967 enk b 000 0 eng d
020 ## - INTERNATIONAL STANDARD BOOK NUMBER
International Standard Book Number 0140707026
035 ## - SYSTEM CONTROL NUMBER
System control number (BD-RjUL) 18568
System control number (OCoLC)909992
040 ## - CATALOGING SOURCE
Original cataloging agency TMA
Transcribing agency TMA
Language of cataloging eng
Modifying agency BD-RjUL
041 ## - LANGUAGE CODE
Language code of text/sound track or separate title eng
082 04 - DEWEY DECIMAL CLASSIFICATION NUMBER
Classification number 822.33
Author mark and year SHM 1967
100 1# - MAIN ENTRY--PERSONAL NAME
Personal name Shakespeare, William,
Dates associated with a name 1564-1616.
9 (RLIN) 57032
245 12 - TITLE STATEMENT
Title A midsummer night's dream /
Statement of responsibility, etc. William Shakespeare ; edited by Victor Barnes
260 ## - PUBLICATION, DISTRIBUTION, ETC. (IMPRINT)
Place of publication, distribution, etc. Sydney :
Name of publisher, distributor, etc. Shakespeare Head press,
Date of publication, distribution, etc. 1967.
300 ## - PHYSICAL DESCRIPTION
Pagination 95 p. ;
Size 18 cm.
650 1# - SUBJECT ADDED ENTRY--TOPICAL TERM
Topical term or geographic name as entry element Theseus (Greek mythology) -- Drama.
9 (RLIN) 57033
700 1# - ADDED ENTRY--PERSONAL NAME
Personal name Barnes, Victor
Dates associated with a name 1930-
830 #0 - SERIES ADDED ENTRY--UNIFORM TITLE
Uniform title New Penguin Shakespeare
942 ## - ADDED ENTRY ELEMENTS (KOHA)
Source of classification or shelving scheme Dewey Decimal Classification
Koha item type Books
Holdings
Lost status Source of classification or shelving scheme Damaged status Not for loan Collection code Permanent Location Current Location Shelving location Date acquired Source of acquisition Total Checkouts Full call number Date last seen Copy number Koha item type Cost, normal purchase price
  Dewey Decimal Classification   Not For Loan Fiction Central Library, University of Rajshahi Central Library, University of Rajshahi Reading Room 28/04/1966 australia   822.33 SHM 1967 20/02/2014 C-1 Books  
  Dewey Decimal Classification     Fiction Central Library, University of Rajshahi Central Library, University of Rajshahi   23/04/1966 commonweaith australia   822.33 SHM 1967 27/11/2016 C-2 Books 0.00
  Dewey Decimal Classification       Central Library, University of Rajshahi Central Library, University of Rajshahi   15/02/2021     822.33 SHM 1967 15/02/2021 C-3 Books